zpět

Detail výsledku týmu

Chicago Bar & Grill ÚT, Liberec

Datum a čas kvízu

25.5 Celkem bodů Celkový počet nahraných bodů na tomto kvízu bez doplňovacích otázek.
9. Pořadí na kvízu Konečné umístění týmu na tomto kvízu.

Zaznamenané odpovědi

# Otázka Odpověď Body Výsledky
1. V noci z neděle na pondělí se... Sabine 0
2. Situaci kolem pandemie novým t... Covid-19 0
3. V neděli 9. února se konal v... Renée Zelweggerová, Joaquin Phoenix 0.5
4. Společnost Škoda Auto minulý t... Enyaq 1
5. Fotbalistům Liberce vyšel vstu... 0:2, Tomáš Malinský 1
6. Šachy jsou vskutku velmi staro... šáh 1
7. Z následujících tvrzení vybert... C 1
8. Jak se nazývá typ šachové hry,... bleskový šach (také bleskovka čili blicka) 1
9. Jak se jmenuje matematický pro... jezdcova procházka 0
10. Známý šachový velmistr Garry K... Ázerbájdžánl 0